00855 a2200229 450000500170000001000150001702000260003203500140005803700090007208200080008124500720008925000060016126000290016727000880019630000220028465000420030665000380034870000350038694200280042199900190044995201570046820251208143526.0 aENG-147273 a9789390514007c695.00 aEN-130805 bDBAD a323 aGender and the Built Environment in India/cEdited By Madhavi Desai a1 aNew DelhibZubaan,c2023 aK-92, Ist Floor, Hauz Khas EnclavebNew DelhicDelhie110016mzubaanwbooks@vsnl.net a262p. :c21cm(Hb) aPoor womenzIndiazMaharashtra985903 aDalitszIndiazMaharashtra985904 aDesai, Madhavi eeditor985905 adplcEN2ddch323 mGEN c213875d213875 001040718NFICaDBADbDBADd2025-12-08eDelivery of Books Act Divisiong695.00l0o323 GENpEN-130805r2025-12-08 00:00:00t1v695.00w2025-12-08yEN